|
|
|
|
| LEADER |
00000nam a2200000 a 4500 |
| 001 |
UCM7097 |
| 003 |
CL-VaPUC |
| 008 |
021129e18960000UK |||||||||||||||||eng|d |
| 082 |
0 |
4 |
|a 937.07
|b TAC
|2 21
|
| 100 |
|
|
|a Tácito, Cornelio
|e author
|9 438184
|
| 245 |
1 |
4 |
|a The annals of tacitus
|
| 250 |
|
|
|a 2a. ed
|
| 300 |
|
|
|a v
|
| 942 |
|
|
|c BK
|
| 945 |
|
|
|d 20021129 00:00:00
|a cmena
|
| 260 |
|
|
|a Londres
|b Clarendon
|c 1896
|
| 500 |
|
|
|a v.1: Books I-VI
|
| 500 |
|
|
|a v.2: Books XI-XVI
|
| 650 |
|
0 |
|a Historia de Roma
|9 315349
|
| 650 |
|
0 |
|a Investigación histórica
|9 344844
|
| 583 |
|
|
|a last modification
|c 20021129 00:00:00
|k Rodrigo Vera
|
| 999 |
|
|
|c 302132
|d 302130
|
| 952 |
|
|
|0 0
|1 0
|4 0
|6 937_070000000000000_TAC_1896
|7 0
|8 DER_ROM
|9 362178
|a BIBDER
|b BIBDER
|d 2019-11-21
|h v.1
|i 3865339
|o 937.07 TAC 1896
|p 3865339
|r 2023-01-25
|w 2019-11-21
|x Ubicación 4to piso
|y BK
|z Este recurso debe solicitarse con anticipación
|k DER
|
| 952 |
|
|
|0 0
|1 0
|4 0
|6 937_070000000000000_TAC_1896
|7 0
|8 DER_ROM
|9 362179
|a BIBDER
|b BIBDER
|d 2019-11-21
|h v.2
|i 3865347
|o 937.07 TAC 1896
|p 3865347
|r 2023-01-25
|w 2019-11-21
|x Ubicación 4to piso
|y BK
|z Este recurso debe solicitarse con anticipación
|k DER
|